Southville International School and Colleges
Your cart is empty.
  • Cart
  • Lists
    Public lists list_1 View all
    Your lists Log in to create your own lists
  • Log in to your account
  • Your cookies
  • Search history
Southville International School and Colleges
  • Advanced search
  • Recent comments
  • Most popular
  • Libraries

Log in to your account

Log in with GOOGLE


If you do not have an external account, but do have a local account, you can still log in:

  1. Home
  2. MARC view: Getting results with Microsoft Office 97 :
Normal view MARC view ISBD view

Getting results with Microsoft Office 97 : (Record no. 21341)

[ view plain ]
MARC details
000 -LEADER
fixed length control field 00610nam a2200193 a 4500
005 - DATE AND TIME OF LATEST TRANSACTION
control field 20140310183319.0
008 - FIXED-LENGTH DATA ELEMENTS--GENERAL INFORMATION
fixed length control field 060106s19uu xx 00 eng d
050 ## - LIBRARY OF CONGRESS CALL NUMBER
Classification number HD 69
Item number .G394 1997
245 ## - TITLE STATEMENT
Title Getting results with Microsoft Office 97 :
Remainder of title real world solutions for the work you do. /
260 ## - PUBLICATION, DISTRIBUTION, ETC. (IMPRINT)
Name of publisher, distributor, etc Microsoft Corporation,
Date of publication, distribution, etc 1997.
300 ## - PHYSICAL DESCRIPTION
Extent 703 p. :
Other physical details ill. ;
Dimensions 25 cm.
521 ## - TARGET AUDIENCE NOTE
Target audience note
650 ## - SUBJECT ADDED ENTRY--TOPICAL TERM
Topical term or geographic name as entry element Microsoft Office.
650 ## - SUBJECT ADDED ENTRY--TOPICAL TERM
Topical term or geographic name as entry element Microsoft Windows (Computer file).
650 ## - SUBJECT ADDED ENTRY--TOPICAL TERM
Topical term or geographic name as entry element Microsoft Office professional.
650 ## - SUBJECT ADDED ENTRY--TOPICAL TERM
Topical term or geographic name as entry element Business
General subdivision Computer programs.
942 ## - ADDED ENTRY ELEMENTS (KOHA)
Koha item type Books
Source of classification or shelving scheme Library of Congress Classification
Call number prefix Foreign
Holdings
Withdrawn status Lost status Source of classification or shelving scheme Damaged status Home library Current library Shelving location Date acquired Total Checkouts Full call number Barcode Date last seen Copy number Price effective from Koha item type
    Library of Congress Classification   College Library College Library General Circulation Section 01/06/2006   HD 69 .G394 1997 C6625 05/15/2018 1 10/10/2013 Books

Getting results with Microsoft Office 97 :

APA

(1997). Getting results with Microsoft Office 97. : Microsoft Corporation.

Chicago

1997. Getting results with Microsoft Office 97. : Microsoft Corporation.

Harvard

(1997). Getting results with Microsoft Office 97. : Microsoft Corporation.

MLA

Getting results with Microsoft Office 97. : Microsoft Corporation. 1997.

  • Place hold
  • Print
  • Cite
  • Add to your cart (remove)
  • Save record
    BIBTEX Dublin Core MARCXML MARC (non-Unicode/MARC-8) MARC (Unicode/UTF-8) MARC (Unicode/UTF-8, Standard) MODS (XML) RIS
  • More searches
    Search for this title in:
    Other Libraries (WorldCat) Other Databases (Google Scholar) Online Stores (Bookfinder.com) Open Library (openlibrary.org)

Exporting to Dublin Core...

SOUTHVILLE LIBRARY

Southville International School and Colleges Library

1281 Tropical Ave. Cor. Luxembourg St., BF Homes International, Las Pinas City

Tel. No. 8256374 / 252358 Loc. 117/146

Powered by Koha